<?xml version="1.0" encoding="UTF-8"?>
<record
    xmlns:xsi="http://www.w3.org/2001/XMLSchema-instance"
    xsi:schemaLocation="http://www.loc.gov/MARC21/slim http://www.loc.gov/standards/marcxml/schema/MARC21slim.xsd"
    xmlns="http://www.loc.gov/MARC21/slim">

  <leader>00695nam a22001577a 4500</leader>
  <controlfield tag="003">OSt</controlfield>
  <controlfield tag="005">20160819095916.0</controlfield>
  <controlfield tag="008">160819b        xxu||||| |||| 00| 0 eng d</controlfield>
  <datafield tag="040" ind1=" " ind2=" ">
    <subfield code="c">RUA</subfield>
  </datafield>
  <datafield tag="082" ind1=" " ind2=" ">
    <subfield code="a">AVM SUN 2015 B508 Or.1</subfield>
  </datafield>
  <datafield tag="100" ind1=" " ind2=" ">
    <subfield code="9">9232</subfield>
    <subfield code="a">SUN SUNTHEARA, &#x179F;&#x17CA;&#x17BB;&#x1793; &#x179F;&#x17BB;&#x1782;&#x1793;&#x17D2;&#x1792;&#x17B6;&#x179A;&#x17C9;&#x17B6;</subfield>
  </datafield>
  <datafield tag="245" ind1=" " ind2=" ">
    <subfield code="a">Farmer's knowledge on agricultural machineries usage at kampong cham province, &#x1780;&#x1798;&#x17D2;&#x179A;&#x17B7;&#x178F;&#x1799;&#x179B;&#x17CB;&#x178A;&#x17B9;&#x1784;&#x179A;&#x1794;&#x179F;&#x17CB;&#x1780;&#x179F;&#x17B7;&#x1780;&#x179A;&#x1791;&#x17C5;&#x179B;&#x17BE;&#x1780;&#x17B6;&#x179A;&#x1794;&#x17D2;&#x179A;&#x17BE;&#x1794;&#x17D2;&#x179A;&#x17B6;&#x179F;&#x17CB;&#x1782;&#x17D2;&#x179A;&#x17BF;&#x1784;&#x1799;&#x1793;&#x17D2;&#x178F;&#x1780;&#x179F;&#x17B7;&#x1780;&#x1798;&#x17D2;&#x1798;&#x1793;&#x17C5;&#x1781;&#x17C1;&#x178F;&#x17D2;&#x178F;&#x1780;&#x17C6;&#x1796;&#x1784;&#x17CB;&#x1785;&#x17B6;&#x1798; </subfield>
  </datafield>
  <datafield tag="260" ind1=" " ind2=" ">
    <subfield code="a">Phnom Penh</subfield>
    <subfield code="b">RUA</subfield>
    <subfield code="c">2015</subfield>
  </datafield>
  <datafield tag="300" ind1=" " ind2=" ">
    <subfield code="a">x; 47p.</subfield>
    <subfield code="b">ill.</subfield>
    <subfield code="c">29cm.</subfield>
  </datafield>
  <datafield tag="942" ind1=" " ind2=" ">
    <subfield code="2">ddc</subfield>
    <subfield code="c">AVM</subfield>
  </datafield>
  <datafield tag="999" ind1=" " ind2=" ">
    <subfield code="c">8895</subfield>
    <subfield code="d">8895</subfield>
  </datafield>
  <datafield tag="952" ind1=" " ind2=" ">
    <subfield code="0">0</subfield>
    <subfield code="1">0</subfield>
    <subfield code="2">ddc</subfield>
    <subfield code="4">0</subfield>
    <subfield code="6">AGE_SUN_2015_000000000000000_B670_OR_1</subfield>
    <subfield code="7">0</subfield>
    <subfield code="9">86857</subfield>
    <subfield code="a">LBB</subfield>
    <subfield code="b">LBB</subfield>
    <subfield code="c">B670</subfield>
    <subfield code="d">2021-09-27</subfield>
    <subfield code="o">AGE SUN 2015 B670 Or.1</subfield>
    <subfield code="p">A066015</subfield>
    <subfield code="r">2021-09-27</subfield>
    <subfield code="w">2021-09-27</subfield>
    <subfield code="y">AVM</subfield>
  </datafield>
  <datafield tag="952" ind1=" " ind2=" ">
    <subfield code="0">0</subfield>
    <subfield code="1">0</subfield>
    <subfield code="2">ddc</subfield>
    <subfield code="4">0</subfield>
    <subfield code="6">AGE_SUN_2015_000000000000000_B508_OR_1</subfield>
    <subfield code="7">0</subfield>
    <subfield code="9">86858</subfield>
    <subfield code="a">LBB</subfield>
    <subfield code="b">LBB</subfield>
    <subfield code="c">B670</subfield>
    <subfield code="d">2021-09-27</subfield>
    <subfield code="o">AGE SUN 2015 B508 Or.1</subfield>
    <subfield code="p">A066016</subfield>
    <subfield code="r">2021-09-27</subfield>
    <subfield code="w">2021-09-27</subfield>
    <subfield code="y">AVM</subfield>
  </datafield>
</record>
